000 00451nam a22001811a 4500
020 _a9780004708041
082 _a301.03
_bDAV/C
100 _aDavid Jary
100 _aJulia Jary
245 _aCollins dictionary of sociology/
_cby David Jary and Julia Jary
250 _a2nd.
260 _aLondon:
_bHarper Collins,
_c1995.
300 _a774p.
650 _aSociology Dictionary
650 _aSociology
650 _aSocial Sciences
942 _cBK
999 _c8130
_d8130